000 01191 a2200253 4500
003 NUST
005 20221202180227.0
010 _a 2005299369
020 _a9812561080
035 _a(OCoLC)ocm57758730
040 _cNust
082 0 4 _a003.3,SIL
100 1 _aSilva, Luciano Afonso da,
_9104041
245 1 0 _aRobust range image registration :
_busing genetic algorithms and the surface interpenetration measure /
_cLuciano Silva and Olga R.P. Bellon, Kim L. Boyer.
260 _aHackensack, N.J. :
_bWorld Scientific,
_cc2005.
300 _ax, 164 p. :
_bill. (some col.) ;
_c23 cm.
440 0 _aSeries in machine perception and artificial intelligence ;
_vv. 60
_996511
505 _aIntroduction (Page-1), Range Image Registration (Page-9), Surface Interpenetration Measure (Page-19), Range Image Registration Using Genetic Algorithms (Page-45), Robust Range Registration by Combining GAs and the SIM (Page-89), Multiview Range Image Registration (Page-105), Closing Comments (Page-121).
650 0 _aComputer simulation.
_91599
650 0 _aMathematical models.
_93646
700 1 _aBellon, Olga R. P.
_9104042
700 1 _aBoyer, Kim L.
_9104043
942 _2ddc
_cBK
_k003.3,SIL
999 _c189518
_d189518